| 000 | 00785nam a22002057a 4500 | ||
|---|---|---|---|
| 005 | 20100730115044.0 | ||
| 010 | _aENG-97442 | ||
| 020 |
_a9780415563123 _c795.00 |
||
| 035 | _aEN-80975 | ||
| 037 | _bDBAD/PUB | ||
| 082 | _a327.54073 | ||
| 100 |
_aMalik, Priyanjali _93291 |
||
| 245 |
_aIndia's nuclear debate _bexceptionalism and the bomb / _cby Priyanjali malik |
||
| 260 |
_aNew Delhi _bRoutledge _c2010 |
||
| 270 |
_a912-915 Tolstoy House, 15-17 Tolstoy Marg, _bNew Delhi _e110 001 |
||
| 300 |
_aix, 344p. _c23cm (Hb) |
||
| 500 | _aIncludes bibliagraphical references and index | ||
| 942 |
_2ddc _cEN _h327.54073 _mMAL |
||
| 999 |
_c38218 _d38218 |
||